|
|
|
|
| LEADER |
01093naa#a2200409#ar4500 |
| 001 |
000108856 |
| 003 |
SVKKK |
| 005 |
20120925115523.0 |
| 008 |
120925c2010 xo #|0||||||||0|||b|slo |
| FMT |
|
|
|
| 015 |
|
|
|a SNBRA2012/09
|
| 038 |
|
|
|a SVKKK
|
| 040 |
|
|
|a SVKKK
|b slo
|e AACR2
|
| 041 |
0 |
|
|a slo
|
| 044 |
|
|
|a xo
|c SK
|
| 080 |
|
|
|a 611.1
|2 1997
|
| 080 |
|
|
|a 612.176
|2 1997
|
| 090 |
|
|
|a III.216756
|
| 245 |
1 |
0 |
|a Zmeny vo funkcii cievneho endotelu po chronickom sociálnom strese
|c Angelika Púzserová ... [et al.]
|
| 504 |
|
|
|a Bibliogr. odkazy
|
| 650 |
0 |
4 |
|a cievny endotel
|
| 650 |
0 |
4 |
|a sociálny stres
|
| 650 |
0 |
4 |
|a krvný tlak
|
| 650 |
0 |
4 |
|a produkcia NO
|
| 700 |
1 |
|
|a Púzserová, Angelika
|4 aut
|
| 700 |
1 |
|
|a Slezák, Peter
|4 aut
|
| 700 |
1 |
|
|a Bališ, Peter
|4 aut
|
| 700 |
1 |
|
|a Bernátová, Iveta
|4 aut
|
| 773 |
0 |
|
|t Interaktívna konferencia mladých vedcov 2010 : zborník abstraktov
|d Bratislava : OZ Preveda, 2010
|g S. 23
|z 9788097042158
|
| 958 |
|
|
|a ME
|
| 958 |
|
|
|a NB
|
| 974 |
|
|
|a Ma
|
| 992 |
|
|
|a RZB
|
| BAS |
|
|
|
| 852 |
|
|
|a SVKKK
|b BIB
|
| EXP |
|
|
|
| 998 |
|
|
|a SLO
|